Movies Quiz

Random Movies or Sporcle Quiz

The Sporcle Movie Classifieds Page II Quiz Stats

 Plays Quiz Updated Apr 6, 2012

Challenge
Share
Tweet
Score 0/18 Timer 08:00
1 Play Today
Hint Movie % Correct
ServicesThe Wedding Singer
90.4%
Articles For SaleBack To The Future
90.4%
MarriagesThe Hangover
85.5%
PetsBabe
69%
Articles For SaleA Christmas Story
64.8%
Marriages27 Dresses
61.3%
PetsEvan Almighty
46.6%
ServicesOne Hour Photo
44.1%
MarriagesEnchanted
40.4%
Hint Movie % Correct
PetsLilo & Stitch
36.4%
Real EstateUp
33.1%
Articles For SaleThe Naked Gun
31.7%
Cars & VehiclesThe Blues Brothers
31%
ServicesAmerican Psycho
29.9%
Cars & VehiclesCars
29.7%
Cars & VehiclesFerris Bueller's Day Off
27.7%
Real EstateRear Window
27.1%
Real EstateThe Amityville Horror
16.4%

You're not logged in!

Compare scores with friends on all Sporcle quizzes.
Join for Free
OR
Log In

You Might Also Like...

Show Comments

Extras

Top Quizzes Today


Score Distribution

Your Account Isn't Verified!

In order to create a playlist on Sporcle, you need to verify the email address you used during registration. Go to your Sporcle Settings to finish the process.

Report this User

Report this user for behavior that violates our Community Guidelines.

Details: